Guess the random Taylor Swift Song Lyrics 34 - Statistics

General Stats
  • This quiz has been taken 12 times
  • The average score is 240 of 372
Answer Stats
Answer % Correct
a
100%
A
100%
and
100%
And
100%
I
100%
am
89%
Don't
89%
don't
89%
it
89%
It
89%
me
89%
the
89%
you
89%
You
89%
all
78%
be
78%
But
78%
I'm
78%
in
78%
like
78%
my
78%
not
78%
now
78%
now"
78%
of
78%
on
78%
said
78%
So
78%
to
78%
what
78%
when
78%
When
78%
Where
78%
Who
78%
your
78%
Your
78%
at
67%
by
67%
from
67%
hear
67%
is
67%
kind
67%
or
67%
say
67%
she
67%
She
67%
should
67%
"Speak
67%
they
67%
This
67%
was
67%
were
67%
with
67%
you're
67%
are
56%
didn't
56%
girl
56%
her
56%
I'll
56%
know
56%
little
56%
only
56%
run
56%
that
56%
up
56%
white
56%
away
44%
back
44%
barging
44%
boy
44%
bride
44%
bridesmaid
44%
chance
44%
church
44%
door
44%
dressed
44%
everyone
44%
eyes
44%
family
44%
forever
44%
friends
44%
hands
44%
hiding
44%
hold
44%
Horrified
44%
last
44%
looking
44%
looks
44%
marrying
44%
meet
44%
occasion
44%
out
44%
pastel
44%
pastry
44%
peace"
44%
preacher
44%
room
44%
rudely
44%
see
44%
shaky
44%
sneak
44%
stand
44%
There's
44%
there's
44%
time
44%
veil
44%
wish
44%
would
44%
wrong
44%
yes
44%
aisle
33%
Baby
33%
daydream
33%
down
33%
gown
33%
lovely
33%
need
33%
pageant
33%
queen
33%
running
33%
seems
33%
shaped
33%
silence
33%
single
33%
snotty
33%
surely
33%
thought
33%
uninvited
33%
vow
33%
Wearing
33%
yelling
33%
you'll
33%
around
22%
curtains
22%
death
22%
exchanged
22%
floats
22%
gestures
22%
glad
22%
inside
22%
"Let's
22%
lose
22%
march
22%
myself
22%
organ
22%
play
22%
Somewhere
22%
song
22%
sounds
22%
starts
22%
tux
22%
vows
22%
wait
22%
Fond
11%
No matching quizzes found
Score Distribution
Percent of People with Each Score
Percentile by Number Answered
Your Score History
You have not taken this quiz